Polish history: People #1 - Statistics

General Stats
  • This quiz has been taken 64 times
  • The average score is 5 of 15
Answer Stats
Hint Answer % Correct
physicist and chemist who conducted research on radioactivity. Marie Curie
76%
composer and virtuoso pianist of the Romantic period, there's a piano competition named after him Frédéric Chopin
71%
widely regarded as Poland's greatest 19th century poet Adam Mickiewicz
59%
the first woman to be crowned as monarch of the Kingdom of Poland Jadwiga
57%
the founder of the first unified Polish state Mieszko I
53%
formed the Polish Legions, responsible for May Coup, big moustache Józef Piłsudski
45%
fought in the Polish–Lithuanian Commonwealth's struggles against Russia and Prussia, and on the U.S. side in the American Revolutionary War, he took a part in an uprising named after him Tadeusz Kościuszko
29%
modernist writer, spent a huge part of his life in Argentina, died in Paris, wrote Ferdydurke Witold Gombrowicz
27%
Regarded as one of the great poets and intellectuals of the 20th century, he won the 1980 Nobel Prize in Literature, on exile in the United States, became a professor at Berkeley. Czesław Miłosz
25%
Polish pianist, composer and statesman, signed the Treaty of Versailles, head of the Polish governament in exile in London. Ignacy Jan Paderewski
20%
Daughter of Polish King Sigismund I the Old and Italian duchess Bona Sforza, remained unmarried until the age of 52 Anna Jagiellon
16%
achieved worldwide fame during the silent and golden eras of film, known for her femme fatale roles, the first European actress in history to be contracted in Hollywood Pola Negri
16%
was a Polish mathematician, nuclear physicist and computer scientist, participated in the Manhattan Project Stanisław Ulam
8%
fought in the Khmelnytsky Uprising, the Russo-Polish War and during the Swedish invasion known as the Deluge, won against the Ottoman Empire John III Sobieski
6%
playwright, painter, novelist, and philosopher, his paintings were annotated with mnemonics listing the drugs taken while painting, served in Imperial Russian Army, comitted suicide after hearing the news of the Soviet invasion of Poland Stanisław Ignacy Witkiewicz, Witkacy
2%
No matching quizzes found
Score Distribution
Percent of People with Each Score
Percentile by Number Answered
Your Score History
You have not taken this quiz